Podnik a podnikanie príklady a prípadové štúdie

Na minha lista:
Detalhes bibliográficos
Autor principal: Deáková, Stanislava, 1974-
Autor Corporativo: Fakulta podnikového manažmentu EU. Katedra podnikovohospodárska
Outros Autores: Kufelová, Iveta, 1970-, Majdúchová, Helena, 1963-, Rybárová, Daniela, 1967-, Kissová, Jana, 1979-
Formato: Livro
Idioma:eslovaco
Publicado em: Bratislava Wolters Kluwer SR 2021
Edição:3. zmenené a doplnené vydanie
Assuntos:
Tags: Adicionar Tag
Sem tags, seja o primeiro a adicionar uma tag!

MARC

LEADER 00000nam a2200000 4500
001 0279177
005 20240502074332.8
020 |a 978-80-571-0405-6 
020 |a 978-80-571-0406-3 
041 0 |a slo 
044 |a SK 
245 1 0 |a Podnik a podnikanie  |b príklady a prípadové štúdie  |c Stanislava Deáková, Iveta Kufelová, Helena Majdúchová ; recenzovali: Daniela Rybárová, Jana Kissová 
250 |a 3. zmenené a doplnené vydanie 
264 1 |a Bratislava  |b Wolters Kluwer SR  |c 2021 
300 |a 279 s. [13 AH] 
610 2 0 |a podnik 
610 2 0 |a podnikanie 
610 2 0 |a motivácia 
610 2 0 |a riziko podnikateľské 
610 2 0 |a prostredie podnikateľské 
610 2 0 |a ciele podnikové 
610 2 0 |a formy podnikov 
610 2 0 |a fúzie 
610 2 0 |a cyklus podniku životný 
610 2 0 |a štúdie prípadové 
100 1 |a Deáková, Stanislava, 1974- 
700 1 |a Kufelová, Iveta, 1970- 
700 1 |a Majdúchová, Helena, 1963- 
700 1 |a Rybárová, Daniela, 1967- 
700 1 |a Kissová, Jana, 1979- 
710 2 |a Fakulta podnikového manažmentu EU. Katedra podnikovohospodárska